[Event "African Individual Chess Championships 2"]
[Site "Safari Hotel, Windhoek, Namibi"]
[Date "2014.12.17"]
[Round "5.7"]
[White "Chumfwa, Stanley"]
[Black "Nyambalo, Joseph Xavier"]
[Result "1-0"]
[WhiteElo "2356"]
[BlackElo "2082"]
[PlyCount "81"]
[EventDate "2014.12.13"]
[EventRounds "9"]
[EventCountry "NAM"]

1. e4 e5 2. Nf3 Nc6 3. Bb5 a6 4. Ba4 Nf6 5. O-O b5 6. Bb3 Be7 7. Re1 d6 8. c3
Bg4 9. d3 O-O 10. Nbd2 Na5 11. Bc2 c5 12. h3 Be6 13. d4 cxd4 14. cxd4 Qc7 15.
d5 Bd7 16. Nf1 Rac8 17. Ne3 Nc4 18. Nxc4 bxc4 19. Nh2 Rb8 20. Rb1 Rb7 21. Bd2
Qb8 22. Bc3 Qa7 23. g4 h6 24. Kg2 Nh7 25. Nf1 Bg5 26. Ne3 Bxe3 27. Rxe3 g5 28.
Qd2 Ra8 29. Rg3 Qc5 30. f4 f6 31. f5 Qc7 32. h4 Qd8 33. Kh2 Bb5 34. Rbg1 Rba7
35. R1g2 Qe7 36. Bd1 Qd8 37. Qe1 Be8 38. Be2 Rc8 39. Bd2 Rb8 40. Bc1 Bb5 41.
Qf1 {41.Noted as Ba6 Not possible} 1-0

[Event "African Individual Chess Championships 2"]
[Site "Safari Hotel, Windhoek, Namibi"]
[Date "2014.12.17"]
[Round "5.8"]
[White "Ameir, Moheb"]
[Black "Magana, Ben"]
[Result "1-0"]
[WhiteElo "2316"]
[BlackElo "2063"]
[PlyCount "73"]
[EventDate "2014.12.13"]
[EventRounds "9"]
[EventCountry "NAM"]

1. e4 e5 2. Nf3 Nc6 3. Bb5 a6 4. Ba4 Nf6 5. O-O Be7 6. d3 b5 7. Bb3 d6 8. a3
O-O 9. Nc3 Bg4 10. Be3 Na5 11. Ba2 c5 12. Nd5 Nc6 13. c3 Rb8 14. b4 Nd7 15. h3
Be6 16. d4 cxd4 17. cxd4 exd4 18. Nxd4 Bxd5 19. Bxd5 Nxd4 20. Bxd4 Nf6 21. Qb3
Rc8 22. Qg3 g6 23. Rac1 Qd7 24. Qb3 Rc7 25. Rxc7 Qxc7 26. Bb2 Nxd5 27. Qxd5 Rc8
28. Rc1 Qd7 29. Rxc8+ Qxc8 30. e5 Qd8 31. e6 f6 32. Bxf6 Qf8 33. Bb2 h6 34. Qd4
Kh7 35. g4 Bg5 36. Qc3 Be7 37. g5 1-0

[Event "African Individual Chess Championships 2"]
[Site "Safari Hotel, Windhoek, Namibi"]
[Date "2014.12.17"]
[Round "5.10"]
[White "Olebile, Thato"]
[Black "Abrantes, Persson"]
[Result "1/2-1/2"]
[WhiteElo "2207"]
[BlackElo "1972"]
[PlyCount "34"]
[EventDate "2014.12.13"]
[EventRounds "9"]
[EventCountry "NAM"]

1. d4 d5 2. c4 c6 3. Nc3 Nf6 4. cxd5 cxd5 5. Bf4 Nc6 6. e3 a6 7. Rc1 e6 8. Nf3
Nh5 9. Bg5 f6 10. Bh4 g6 11. Bd3 Bh6 12. a3 O-O 13. Qc2 Ne7 14. g4 Ng7 15. h3
Bd7 16. Bg3 e5 17. dxe5 Bc6 {Move 17 & 18 not clear on both Score sheet}
1/2-1/2

[Event "African Individual Chess Championships 2"]
[Site "Safari Hotel, Windhoek, Namibi"]
[Date "2014.12.17"]
[Round "5.11"]
[White "Chimthere, Alfred Charles"]
[Black "Mwale, Joseph"]
[Result "0-1"]
[WhiteElo "2006"]
[BlackElo "2074"]
[PlyCount "56"]
[EventDate "2014.12.13"]
[EventRounds "9"]
[EventCountry "NAM"]

1. e4 e5 2. Nf3 Nc6 3. Bb5 a6 4. Ba4 b5 5. Bb3 Bc5 6. O-O d6 7. c3 Bg4 8. h3
Bh5 9. d3 Nf6 10. Re1 h6 11. Nbd2 g5 12. Nf1 g4 13. hxg4 Nxg4 14. d4 exd4 15.
Bd5 Nge5 16. Ng3 Bg4 17. b4 Ba7 18. Qb3 Bxf3 19. gxf3 Nxf3+ 20. Kf1 Nce5 21.
Bxa8 Nxe1 22. Kxe1 Qxa8 23. f4 Rg8 24. cxd4 Bxd4 25. fxe5 Bxe5 26. Ne2 Bxa1 27.
Qf3 Qc8 28. Qd3 Qg4 0-1

[Event "African Individual Chess Championships 2"]
[Site "Safari Hotel, Windhoek, Namibi"]
[Date "2014.12.17"]
[Round "5.14"]
[White "Degondo, Simplice Armel"]
[Black "Khoa, Goodwill"]
[Result "1-0"]
[WhiteElo "2177"]
[BlackElo "1990"]
[PlyCount "102"]
[EventDate "2014.12.13"]
[EventRounds "9"]
[EventCountry "NAM"]

1. e4 e5 2. Nf3 Nc6 3. d4 exd4 4. Bc4 h6 5. O-O Bc5 6. c3 dxc3 7. Qd5 Qe7 8. e5
d6 9. exd6 Bxd6 10. Re1 Be6 11. Qb5 O-O-O 12. Bxe6+ fxe6 13. bxc3 g5 14. Nbd2
a6 15. Qb3 e5 16. Rb1 b6 17. Qd5 Kb7 18. Nc4 Bb4 19. Qe4 Nf6 20. Qc2 Bc5 21.
Ncxe5 Nxe5 22. Rxe5 Qd6 23. Be3 Bxe3 24. Rxe3 Rde8 25. Rxe8 Rxe8 26. Rd1 Qe6
27. h3 Qe2 28. Qb3 Qe6 29. c4 g4 30. hxg4 Nxg4 31. Qd3 Qe4 32. Qd5+ Qxd5 33.
cxd5 Rd8 34. Nh4 Nf6 35. Nf5 Rxd5 36. Rxd5 Nxd5 37. Nxh6 b5 38. g4 b4 39. Kf1
Kb6 40. g5 Nf4 41. Ng4 Ng6 42. Ke2 Ka5 43. Ke3 Ka4 44. f4 Ka3 45. f5 Nh4 46.
Kf4 Kxa2 47. g6 b3 48. g7 b2 49. g8=Q+ Ka1 50. Qg7 Ng2+ 51. Kg3 Ne1 1-0

[Event "African Individual Chess Championships 2"]
[Site "Safari Hotel, Windhoek, Namibi"]
[Date "2014.12.19"]
[Round "6.1"]
[White "Farahat, Ali"]
[Black "Wanyama, Harold"]
[Result "1-0"]
[WhiteElo "2386"]
[BlackElo "2241"]
[PlyCount "42"]
[EventDate "2014.12.13"]
[EventRounds "9"]
[EventCountry "NAM"]

1. e4 c5 2. Nf3 e6 3. Nc3 a6 4. d4 cxd4 5. Nxd4 Qc7 6. Be2 Nf6 7. O-O Nc6 8.
Be3 Bb4 9. Re1 Ne5 10. f4 Bxc3 11. bxc3 Ng6 12. Bf3 Nxf4 13. Bxf4 Qxf4 14. e5
Ng8 15. Qb1 Ne7 16. Qb4 Ng6 17. Qd6 Qg5 18. Rab1 Nh4 19. Be4 f5 20. exf6 gxf6
21. g3 Kf7 {ScoreSheet not clear Need to Consult both players} 1-0

[Event "African Individual Chess Championships 2"]
[Site "Safari Hotel, Windhoek, Namibi"]
[Date "2014.12.19"]
[Round "6.2"]
[White "Simoes, Joao"]
[Black "Cawdery, Daniel"]
[Result "0-1"]
[WhiteElo "2232"]
[BlackElo "2430"]
[PlyCount "132"]
[EventDate "2014.12.13"]
[EventRounds "9"]
[EventCountry "NAM"]

1. d4 Nf6 2. Nf3 g6 3. c4 Bg7 4. g3 d5 5. Bg2 O-O 6. cxd5 Nxd5 7. O-O Nb6 8. a4
a5 9. Nc3 Nc6 10. Nb5 Nb4 11. Bf4 N4d5 12. Qc1 Nxf4 13. Qxf4 Nd5 14. Qh4 h6 15.
Ne5 Nf6 16. Qf4 c6 17. Na3 Be6 18. Rfd1 Nd7 19. Nxd7 Qxd7 20. Rd3 Rfd8 21. Rad1
Qd6 22. d5 Qxf4 23. gxf4 cxd5 24. Bxd5 Rxd5 25. Rxd5 Bxd5 26. Rxd5 Bxb2 27. Nc4
Bc3 28. Rd7 Bb4 29. Rxb7 Rc8 30. Ne5 Rc1+ 31. Kg2 Ra1 32. Nc6 Rxa4 33. f5 Kf8
34. fxg6 fxg6 35. e3 Bd6 36. Rb5 Rh4 37. h3 a4 38. f4 a3 39. Ra5 Rh5 40. Ne5
Kg7 41. Ra6 Bxe5 42. fxe5 Rxe5 43. Rxa3 Kf6 44. Kf3 Kg5 45. Ra4 Kh5 46. Rb4 Kg5
47. Ra4 h5 48. h4+ Kf6 49. Ra6+ e6 50. Ra8 Rb5 51. Rf8+ Kg7 52. Rc8 Rb4 53. Kg3
Rg4+ 54. Kh3 Kf6 55. Rc5 e5 56. Ra5 Kf5 57. Rc5 Ke4 58. Rc3 Kf3 59. Ra3 e4 60.
Rc3 Rg3+ 61. Kh2 Kg4 62. Rc6 Kxh4 63. Re6 Rg4 64. Re5 g5 65. Re6 Rg3 66. Rg6
Rxe3 0-1

[Event "African Individual Chess Championships 2"]
[Site "Safari Hotel, Windhoek, Namibi"]
[Date "2014.12.19"]
[Round "6.3"]
[White "Kigigha, Bomo"]
[Black "Solomon, Kenny"]
[Result "0-1"]
[WhiteElo "2291"]
[BlackElo "2380"]
[PlyCount "56"]
[EventDate "2014.12.13"]
[EventRounds "9"]
[EventCountry "NAM"]

1. c4 Nf6 2. g3 e5 3. Bg2 d5 4. cxd5 Nxd5 5. Nc3 Nb6 6. Nf3 Nc6 7. a3 Be7 8.
O-O O-O 9. d3 Be6 10. Be3 f6 11. Ne4 Qd7 12. Rc1 Nd5 13. Nc5 Bxc5 14. Bxc5 Rfd8
15. Qc2 Rac8 16. Rfd1 b6 17. e4 bxc5 18. exd5 Bxd5 19. Qxc5 Bxf3 20. Bxf3 Nd4
21. Qc4+ Kh8 22. Kg2 c6 23. h4 Qf5 24. Be4 Qg4 25. Rd2 f5 26. Bd5 Rb8 27. Bxc6
Qf3+ 28. Kh2 Rd6 0-1

[Event "African Individual Chess Championships 2"]
[Site "Safari Hotel, Windhoek, Namibi"]
[Date "2014.12.19"]
[Round "6.4"]
[White "Jere, Daniel"]
[Black "Klaasen, Calvin Jong"]
[Result "1-0"]
[WhiteElo "2370"]
[BlackElo "2180"]
[PlyCount "103"]
[EventDate "2014.12.13"]
[EventRounds "9"]
[EventCountry "NAM"]

1. c4 c5 2. g3 Nc6 3. Bg2 g6 4. Nc3 Bg7 5. a3 d6 6. Rb1 a5 7. Nf3 e5 8. d3 Nge7
9. O-O O-O 10. Ne1 Be6 11. Bg5 h6 12. Bxe7 Qxe7 13. Nc2 Rab8 14. Ne3 Qd8 15.
Ned5 f5 16. b4 axb4 17. axb4 cxb4 18. Nxb4 e4 19. Nbd5 Bxd5 20. Nxd5 exd3 21.
Qxd3 Kh7 22. e4 Nd4 23. exf5 gxf5 24. Rb6 Kh8 25. Rfb1 Ne6 26. Qd2 f4 27. Rxb7
Rxb7 28. Rxb7 Qg5 29. Qc2 Nd4 30. Qe4 f3 31. Bf1 Qc1 32. Rb1 Qg5 33. Bd3 Qf5
34. Qxf5 Nxf5 35. Bxf5 Rxf5 36. Rb3 Rf8 37. Ne7 Re8 38. Re3 Kh7 39. Nf5 Rc8 40.
Nxd6 Rc6 41. Nf5 Rxc4 42. Rxf3 Rc2 43. Nxg7 Kxg7 44. Rf5 Kg6 45. g4 Ra2 46. Kg2
Rb2 47. Kg3 Ra2 48. Rb5 Ra3+ 49. f3 Ra1 50. h4 Ra4 51. Rb6+ Kg7 52. g5 1-0

[Event "African Individual Chess Championships 2"]
[Site "Safari Hotel, Windhoek, Namibi"]
[Date "2014.12.19"]
[Round "6.5"]
[White "Adly, Ahmed"]
[Black "Ameir, Moheb"]
[Result "1-0"]
[WhiteElo "2591"]
[BlackElo "2316"]
[PlyCount "99"]
[EventDate "2014.12.13"]
[EventRounds "9"]
[EventCountry "NAM"]

1. Nf3 Nf6 2. g3 d5 3. Bg2 g6 4. c4 c6 5. b3 Bg7 6. Bb2 O-O 7. O-O Nbd7 8. d3
b6 9. Nc3 Bb7 10. Qc2 e5 11. cxd5 Nxd5 12. Rfd1 c5 13. e3 Rc8 14. Nb5 Nb4 15.
Qe2 Ba6 16. a4 Nc6 17. Nd2 Ndb8 18. Nc4 Qe7 19. Bc3 Rcd8 20. Qb2 f5 21. f4 exf4
22. Bxg7 Qxg7 23. Qxg7+ Kxg7 24. gxf4 Rfe8 25. Nc7 Bxc4 26. Nxe8+ Rxe8 27. dxc4
Rxe3 28. Re1 Rxe1+ 29. Rxe1 Kf8 30. Kf2 Nd4 31. a5 bxa5 32. Ra1 Nbc6 33. Bxc6
Nxc6 34. Ke3 Ke7 35. Rd1 Nb4 36. Rd2 a6 37. h3 Ke6 38. Rd8 Ke7 39. Rh8 h5 40.
Rc8 Nc2+ 41. Kd3 Ne1+ 42. Ke2 Ng2 43. Kf3 Ne1+ 44. Kf2 Nd3+ 45. Ke3 Nc1 46.
Rxc5 Nxb3 47. Rc6 a4 48. Rxa6 Nc5 49. Rxg6 a3 50. Rg7+ 1-0

[Event "African Individual Chess Championships 2"]
[Site "Safari Hotel, Windhoek, Namibi"]
[Date "2014.12.19"]
[Round "6.6"]
[White "Fawole, John Oyeyemi"]
[Black "Chumfwa, Stanley"]
[Result "1-0"]
[WhiteElo "2214"]
[BlackElo "2356"]
[PlyCount "71"]
[EventDate "2014.12.13"]
[EventRounds "9"]
[EventCountry "NAM"]

1. e4 c5 2. Nc3 d6 3. f4 Nc6 4. Nf3 g6 5. Bb5 Bg7 6. Bxc6+ bxc6 7. d3 Nf6 8.
O-O O-O 9. Qe1 Ne8 10. Bd2 f5 11. e5 Nc7 12. Qh4 Ne6 13. Ne2 d5 14. Rad1 Rf7
15. b3 a5 16. c4 a4 17. Nc3 axb3 18. axb3 Rb8 19. Rb1 Bf8 20. Na4 dxc4 21. dxc4
Nd4 22. Be3 Rxb3 23. Rxb3 Nxb3 24. Nxc5 Nxc5 25. Bxc5 Qd3 26. Rc1 e6 27. Qf2
Rb7 28. Bxf8 Kxf8 29. h4 Kg8 30. Kh2 Rb3 31. Ra1 Bb7 32. Nd4 Rb4 33. Nxe6 Rxc4
34. Nc5 Qc3 35. Ra7 Rxc5 36. Rxb7 1-0

[Event "African Individual Chess Championships 2"]
[Site "Safari Hotel, Windhoek, Namibi"]
[Date "2014.12.19"]
[Round "6.7"]
[White "Kayonde, Andrew"]
[Black "Phiri, Richmond"]
[Result "1/2-1/2"]
[WhiteElo "2336"]
[BlackElo "2143"]
[PlyCount "30"]
[EventDate "2014.12.13"]
[EventRounds "9"]
[EventCountry "NAM"]

1. d4 g6 2. c4 Bg7 3. Nc3 d6 4. e4 Nc6 5. d5 Nd4 6. Be3 c5 7. Nge2 Qb6 8. Nxd4
cxd4 9. Na4 Qa5+ 10. b4 Qxb4+ 11. Bd2 Qa3 12. Bc1 Qb4+ 13. Bd2 Qa3 14. Bc1 Qb4+
15. Bd2 Qa3 1/2-1/2

[Event "African Individual Chess Championships 2"]
[Site "Safari Hotel, Windhoek, Namibi"]
[Date "2014.12.19"]
[Round "6.8"]
[White "Abrantes, Persson"]
[Black "Van Den Heever, Donovan"]
[Result "1-0"]
[WhiteElo "1972"]
[BlackElo "2286"]
[PlyCount "64"]
[EventDate "2014.12.13"]
[EventRounds "9"]
[EventCountry "NAM"]

1. d4 d5 2. c4 dxc4 3. a4 e5 4. e3 exd4 5. exd4 Be6 6. Nc3 Bb4 7. Nf3 Nc6 8.
Be3 Nge7 9. Be2 O-O 10. O-O Na5 11. Ng5 Bc8 12. Na2 Bd6 13. Rc1 Nf5 14. Qc2 h6
15. Ne4 Qe7 16. Nac3 Re8 17. g4 Nxe3 18. fxe3 Bb4 19. Nf6+ gxf6 20. Nd5 Qe6 21.
Nxf6+ Kf8 22. Qh7 Qxe3+ 23. Kh1 Be6 24. d5 Qxe2 25. dxe6 Rxe6 26. Rcd1 Bd2 27.
Nd7+ Ke7 28. Nc5 Rf6 29. Rfe1 Qxe1+ 30. Rxe1+ Bxe1 31. Qe4+ Kd6 32. Qd4+ Ke7 {
Need to consult both players Moves clearly not Noted well.} 1-0

[Event "African Individual Chess Championships 2"]
[Site "Safari Hotel, Windhoek, Namibi"]
[Date "2014.12.19"]
[Round "6.9"]
[White "Mwale, Joseph"]
[Black "Olebile, Thato"]
[Result "1-0"]
[WhiteElo "2074"]
[BlackElo "2207"]
[PlyCount "88"]
[EventDate "2014.12.13"]
[EventRounds "9"]
[EventCountry "NAM"]

1. e4 Nf6 2. e5 Nd5 3. c4 Nb6 4. d4 d6 5. exd6 cxd6 6. h3 g6 7. Nf3 Bg7 8. Be2
O-O 9. O-O Nc6 10. Be3 d5 11. c5 Nd7 12. b4 e5 13. b5 Nxd4 14. Nxd4 exd4 15.
Bxd4 Nxc5 16. Nc3 Bxd4 17. Qxd4 Ne6 18. Qxd5 Qxd5 19. Nxd5 Nd4 20. Bc4 Kg7 21.
Rfd1 Nf5 22. Nc7 Rb8 23. a4 h5 24. a5 Ne7 25. Re1 Nf5 26. Rad1 Nh6 27. Ne8+ Kh7
28. Rd8 Nf5 29. Bd3 Nh4 30. Rc1 Bf5 31. Rxb8 Bxd3 32. Rcc8 Kh6 33. Rxb7 Nf5 34.
a6 Nd4 35. Nd6 Rxc8 36. Nxf7+ Kg7 37. Nd6+ Kf6 38. Nxc8 Nxb5 39. Nxa7 Nd6 40.
Rb3 Be4 41. Nb5 Nc8 42. a7 Nxa7 43. Nxa7 Bf5 44. Rb6+ Kg5 1-0

[Event "African Individual Chess Championships 2"]
[Site "Safari Hotel, Windhoek, Namibi"]
[Date "2014.12.19"]
[Round "6.10"]
[White "Magana, Ben"]
[Black "Degondo, Simplice Armel"]
[Result "1-0"]
[WhiteElo "2063"]
[BlackElo "2177"]
[PlyCount "101"]
[EventDate "2014.12.13"]
[EventRounds "9"]
[EventCountry "NAM"]

1. e4 e6 2. d3 d5 3. Nd2 c5 4. Ngf3 Nc6 5. g3 Nf6 6. Bg2 Be7 7. O-O O-O 8. c3
Qc7 9. Re1 Rd8 10. e5 Nd7 11. Qe2 Rb8 12. h4 b5 13. Nf1 b4 14. Bf4 bxc3 15.
bxc3 Ba6 16. Ne3 Qa5 17. Nxd5 Bf8 18. c4 exd5 19. e6 dxc4 20. dxc4 Rb4 21. exd7
Rxd7 22. Bd2 Bxc4 23. Bxb4 Bxe2 24. Bxa5 Bxf3 25. Bxf3 Nxa5 26. Rad1 Rxd1 27.
Rxd1 Nc4 28. Rd8 Nb6 29. Rb8 c4 30. Kf1 g6 31. Rb7 Bb4 32. Rxa7 c3 33. Be4 Nc4
34. Ke2 Na3 35. Kd1 Kg7 36. Bd5 Kf6 37. Rxf7+ Ke5 38. Bb3 Bc5 39. g4 h6 40. f4+
Kd4 41. Rf6 Kd3 42. Rc6 Bf2 43. h5 gxh5 44. gxh5 Ke4 45. Rxh6 Bd4 46. Ra6 Nb5
47. h6 Kxf4 48. h7 Ke3 49. Ra8 Nc7 50. h8=Q Bxh8 51. Rxh8 {Black Resign} 1-0

[Event "African Individual Chess Championships 2"]
[Site "Safari Hotel, Windhoek, Namibi"]
[Date "2014.12.19"]
[Round "6.11"]
[White "Nyambalo, Joseph Xavier"]
[Black "Handjaba, Mclean"]
[Result "1/2-1/2"]
[WhiteElo "2082"]
[BlackElo "2033"]
[PlyCount "121"]
[EventDate "2014.12.13"]
[EventRounds "9"]
[EventCountry "NAM"]

1. e4 c5 2. Nf3 g6 3. d4 cxd4 4. Nxd4 Bg7 5. Nc3 Nf6 6. Be3 Nc6 7. Be2 O-O 8.
Qd2 d5 9. exd5 Nxd5 10. Nxd5 Qxd5 11. Bf3 Qd7 12. Nxc6 Qxd2+ 13. Bxd2 bxc6 14.
O-O Rb8 15. Bc1 Be6 16. c3 Rb6 17. a4 a5 18. Ra3 Bd5 19. Bxd5 cxd5 20. Rd1 e6
21. g3 Rc8 22. Kg2 h5 23. Ra2 Rcb8 24. h3 Rb3 25. Kf1 Kf8 26. Ke2 Ke8 27. Rd3
Kd7 28. Kd2 Bh6+ 29. Kc2 Bxc1 30. Kxc1 Kc6 31. f4 Kc5 32. Kc2 f6 33. Re3 Kd6
34. g4 e5 35. fxe5+ fxe5 36. Rf3 Ke6 37. g5 R3b6 38. Rf6+ Ke7 39. Rxb6 Rxb6 40.
Ra1 e4 41. Rf1 Re6 42. Rf6 Rxf6 43. gxf6+ Kxf6 44. b4 Ke6 45. bxa5 Kd6 46. h4
Kc6 47. Kd2 Kb7 48. Ke3 Ka6 49. c4 dxc4 50. Kxe4 Kxa5 51. Kd4 Kb4 52. a5 c3 53.
a6 c2 54. a7 c1=Q 55. a8=Q Qc3+ 56. Ke4 Qe1+ 57. Kd3 Qg3+ 58. Ke2 Qxh4 59. Qb7+
Kc5 60. Qc7+ Kd5 61. Qg7 1/2-1/2

[Event "African Individual Chess Championships 2"]
[Site "Safari Hotel, Windhoek, Namibi"]
[Date "2014.12.19"]
[Round "6.12"]
[White "Fumey, Enyonam Sewa"]
[Black "Hoareau, Benjamin"]
[Result "1-0"]
[WhiteElo "1780"]
[BlackElo "1853"]
[PlyCount "49"]
[EventDate "2014.12.13"]
[EventRounds "9"]
[EventCountry "NAM"]

1. e4 c5 2. Nf3 Nc6 3. c3 d5 4. exd5 Qxd5 5. d4 cxd4 6. cxd4 Bg4 7. Be2 e6 8.
O-O Bb4 9. a3 Ba5 10. b4 Bb6 11. Nc3 Qf5 12. d5 exd5 13. Nxd5 Rd8 14. Qe1 Kf8
15. Nxb6 axb6 16. Be3 b5 17. Bc5+ Nge7 18. Bxb5 Qf6 19. Bxc6 bxc6 20. Bxe7+
Qxe7 21. Qxe7+ Kxe7 22. Rfe1+ Kf6 23. Ne5 Bd7 24. Rac1 Rhe8 25. Nxd7+ 1-0

[Event "African Individual Chess Championships 2"]
[Site "Safari Hotel, Windhoek, Namibi"]
[Date "2014.12.19"]
[Round "6.14"]
[White "Botsoe, Koffi"]
[Black "Chimthere, Alfred Charles"]
[Result "0-1"]
[WhiteElo "1566"]
[BlackElo "2006"]
[PlyCount "126"]
[EventDate "2014.12.13"]
[EventRounds "9"]
[EventCountry "NAM"]

1. e4 c6 2. d4 d5 3. e5 Bf5 4. f4 e6 5. Nf3 h6 6. a3 Ne7 7. c4 dxc4 8. Bxc4 Nd7
9. O-O Nb6 10. Ba2 Qd7 11. Nbd2 Ned5 12. Nb3 Be7 13. Nc5 Qc7 14. Bd2 Rd8 15.
Qe1 O-O 16. Qg3 Nd7 17. b4 b6 18. Nb3 Rc8 19. Nh4 Bxh4 20. Qxh4 Qd8 21. Qg3 Ne7
22. Rac1 Nb8 23. Be3 Na6 24. Rfd1 Nc7 25. Qf3 Qd5 26. Qf2 Qd7 27. Nd2 Ncd5 28.
Nc4 Nxe3 29. Qxe3 Rcd8 30. Nd6 Bg4 31. Rd2 Nf5 32. Nxf5 Bxf5 33. h3 Bg6 34. Bc4
Qb7 35. Be2 Rc8 36. Bf3 Qd7 37. Qc3 Rc7 38. Bxc6 Rfc8 39. b5 Be4 40. Bxd7 Rxc3
41. Re1 Rd8 42. Bxe6 fxe6 43. Rxe4 Rxa3 44. f5 exf5 45. Ree2 Kf7 46. e6+ Ke7
47. d5 Kd6 48. Rc2 Rd3 49. Rc6+ Kxd5 50. e7 Re8 51. Ree6 Rd4 52. Kf2 Re4 53.
Rxe4 fxe4 54. Rc7 Kd6 55. Rxa7 Rxe7 56. Rxe7 Kxe7 57. Ke3 Kd6 58. Kxe4 Kc5 59.
g4 Kxb5 60. h4 Kc5 61. Kf4 b5 62. Kf5 b4 63. Kg6 b3 0-1

[Event "African Individual Chess Championships 2"]
[Site "Safari Hotel, Windhoek, Namibi"]
[Date "2014.12.20"]
[Round "7.1"]
[White "Solomon, Kenny"]
[Black "Farahat, Ali"]
[Result "1-0"]
[WhiteElo "2380"]
[BlackElo "2386"]
[PlyCount "59"]
[EventDate "2014.12.13"]
[EventRounds "9"]
[EventCountry "NAM"]

1. d4 d5 2. Nf3 Nf6 3. c4 c6 4. Nc3 dxc4 5. a4 Bf5 6. Ne5 e6 7. f3 Bb4 8. e4
Bxe4 9. fxe4 Nxe4 10. Bd2 Qxd4 11. Nxe4 Qxe4+ 12. Qe2 Bxd2+ 13. Kxd2 Qd5+ 14.
Kc2 Na6 15. Nxc4 O-O 16. Qe5 Rfd8 17. Be2 f6 18. Qxd5 cxd5 19. Na5 Rab8 20. Kb1
Nc5 21. Ra3 b6 22. Nb3 Ne4 23. Rd1 f5 24. Nd4 Rd7 25. a5 Kf7 26. axb6 axb6 27.
Ra6 Rd6 28. Ka2 h6 29. Nb5 Rdd8 {Move.31 Not Clear Need to consult both players
} 30. Rxb6 1-0

[Event "African Individual Chess Championships 2"]
[Site "Safari Hotel, Windhoek, Namibi"]
[Date "2014.12.20"]
[Round "7.2"]
[White "Cawdery, Daniel"]
[Black "Adly, Ahmed"]
[Result "0-1"]
[WhiteElo "2430"]
[BlackElo "2591"]
[PlyCount "36"]
[EventDate "2014.12.13"]
[EventRounds "9"]
[EventCountry "NAM"]

1. e4 g6 2. d4 Bg7 3. Nc3 d6 4. f4 a6 5. Nf3 e6 6. Bd3 d5 7. exd5 exd5 8. f5
Ne7 9. Bg5 f6 10. Bf4 Bxf5 11. Bxf5 Nxf5 12. Qe2+ Ne7 13. O-O-O Nbc6 14. Bxc7
Qxc7 15. Nxd5 Qd8 16. Nxe7 Qxe7 17. Qc4 O-O-O 18. Rhe1 Qc7 0-1

[Event "African Individual Chess Championships 2"]
[Site "Safari Hotel, Windhoek, Namibi"]
[Date "2014.12.20"]
[Round "7.3"]
[White "Wanyama, Harold"]
[Black "Fawole, John Oyeyemi"]
[Result "1-0"]
[WhiteElo "2241"]
[BlackElo "2214"]
[PlyCount "68"]
[EventDate "2014.12.13"]
[EventRounds "9"]
[EventCountry "NAM"]

1. d4 Nf6 2. c4 e6 3. Nc3 Bb4 4. f3 d5 5. a3 Bxc3+ 6. bxc3 O-O 7. Bg5 h6 8. Bh4
Nbd7 9. e3 c5 10. cxd5 exd5 11. Bd3 Re8 12. Bf2 Qa5 13. Qd2 b6 14. Ne2 Ba6 15.
Bb1 Rac8 16. g4 Bc4 17. h4 cxd4 18. cxd4 Qxd2+ 19. Kxd2 Nh7 20. Ng3 b5 21. Nf5
Rc6 22. Rg1 Nb6 23. g5 h5 24. e4 Nf8 25. e5 g6 26. Nh6+ Kg7 27. f4 Rec8 28. f5
Nfd7 29. Re1 Re8 30. Nxf7 Kxf7 31. e6+ Kf8 32. exd7 Nxd7 33. Rxe8+ {Move 35.
Noted as BF4 & on the other score sheet not clear.} Kxe8 34. fxg6 Re6 1-0

[Event "African Individual Chess Championships 2"]
[Site "Safari Hotel, Windhoek, Namibi"]
[Date "2014.12.20"]
[Round "7.4"]
[White "Kigigha, Bomo"]
[Black "Jere, Daniel"]
[Result "0-1"]
[WhiteElo "2291"]
[BlackElo "2370"]
[PlyCount "63"]
[EventDate "2014.12.13"]
[EventRounds "9"]
[EventCountry "NAM"]

1. c4 e6 2. Nf3 Nf6 3. g3 b6 4. Bg2 Bb7 5. O-O c5 6. Nc3 d6 7. d4 cxd4 8. Qxd4
a6 9. b3 Nbd7 10. Ba3 Qc7 11. Rfd1 Nc5 12. Rac1 Be7 13. Qd2 O-O 14. Nd4 Bxg2
15. Kxg2 Qb7+ 16. f3 Rfd8 17. Bb2 d5 18. cxd5 Nxd5 19. Nxd5 Rxd5 20. e4 Bg5 21.
f4 Nxe4 22. Qe3 Nd6 23. fxg5 Rxg5+ 24. Qf3 Qxf3+ 25. Kxf3 {Move 25 Noted as
Rd1 ,not clear Need to ask for clarity as you played it out a few moves
somemoves not clear after a follow up.} Rd5 26. Nc6 Rxd1 27. Rxd1 Nf5 28. Rd7
h6 29. Kf4 b5 30. h4 h5 31. Ba3 Nd4 32. g4 0-1

[Event "African Individual Chess Championships 2"]
[Site "Safari Hotel, Windhoek, Namibi"]
[Date "2014.12.20"]
[Round "7.6"]
[White "Klaasen, Calvin Jong"]
[Black "Abrantes, Persson"]
[Result "0-1"]
[WhiteElo "2180"]
[BlackElo "1972"]
[PlyCount "138"]
[EventDate "2014.12.13"]
[EventRounds "9"]
[EventCountry "NAM"]

1. d4 d5 2. c4 c6 3. Nf3 Nf6 4. Qb3 e6 5. Nc3 Bd6 6. Bg5 h6 7. Bh4 Nbd7 8. e3
Qa5 9. Nd2 O-O 10. Be2 e5 11. O-O e4 12. cxd5 cxd5 13. Rac1 a6 14. a3 b5 15.
Bg3 Bxg3 16. hxg3 Nb6 17. Qa2 Nc4 18. Nxc4 dxc4 19. b3 cxb3 20. Qxb3 Rd8 21.
Rfd1 Bb7 22. a4 Bd5 23. Nxd5 Rxd5 24. axb5 axb5 25. Rb1 Qa2 26. Qb2 Rf5 27. Rd2
Qa5 28. Rc2 b4 29. Qc1 g6 30. Rc8+ Rxc8 31. Qxc8+ Kg7 32. g4 Qa2 33. Qc1 Rg5
34. Rb2 Qa3 35. Rb1 Nd5 36. Ra1 Qxc1+ 37. Rxc1 Nc3 38. Bc4 Ra5 39. Kf1 Ra3 40.
d5 b3 41. Bxb3 Rxb3 42. d6 Kf6 43. Ke1 Rb1 44. Rxb1 Nxb1 45. Kd1 Ke6 46. Kc2
Na3+ 47. Kb3 Nb5 48. d7 Kxd7 49. Kc4 Kc6 50. f3 f5 51. gxf5 gxf5 52. fxe4 fxe4
53. g4 Nd6+ 54. Kd4 Kd7 55. Kd5 Ke7 56. Ke5 Nc4+ 57. Kxe4 Kf6 58. Kf4 Ne5 59.
e4 Nc4 60. Kg3 Kg5 61. Kh3 Ne5 62. Kg3 Nxg4 63. Kf3 Ne5+ 64. Kg3 h5 65. Kh3 h4
66. Kg2 Kg4 67. Kh2 Nf3+ 68. Kg2 Ng5 69. e5 Kf5 0-1

[Event "African Individual Chess Championships 2"]
[Site "Safari Hotel, Windhoek, Namibi"]
[Date "2014.12.20"]
[Round "7.7"]
[White "Chumfwa, Stanley"]
[Black "Magana, Ben"]
[Result "1-0"]
[WhiteElo "2356"]
[BlackElo "2063"]
[PlyCount "83"]
[EventDate "2014.12.13"]
[EventRounds "9"]
[EventCountry "NAM"]

1. e4 e5 2. Nf3 Nc6 3. Bb5 a6 4. Ba4 Nf6 5. O-O Be7 6. Re1 b5 7. Bb3 O-O 8. c3
d5 9. exd5 Nxd5 10. Nxe5 Nxe5 11. Rxe5 c6 12. d4 Bd6 13. Re1 Qh4 14. g3 Qh3 15.
Re4 g5 16. Qe2 Bf5 17. Nd2 Nf6 18. f3 Rae8 19. Bc2 g4 20. Rxe8 Rxe8 21. Ne4
Nxe4 22. fxe4 Bxg3 23. hxg3 Qxg3+ 24. Kf1 Re6 25. Qg2 Qxg2+ 26. Kxg2 Bxe4+ 27.
Bxe4 Rxe4 28. Bh6 Re2+ 29. Kg3 Rxb2 30. Kxg4 Rh2 31. Bf4 Rc2 32. a4 Rxc3 33.
axb5 axb5 34. Kf5 h5 35. Ra8+ Kh7 36. Be5 Rf3+ 37. Kg5 f6+ 38. Bxf6 Rg3+ 39.
Kxh5 Rh3+ 40. Bh4 Rd3 41. Ra7+ Kg8 42. Kg6 {Black Resign} 1-0